| 000 | 01098nam0a2200313 i 4500 | ||
|---|---|---|---|
| 001 | RU\NLR\bibl\2066699 | ||
| 005 | 20241103121001.0 | ||
| 010 |
_a9785905463211 _9300 |
||
| 021 |
_aRU _b2013-60081 _94126 |
||
| 035 | _a(NLR Aleph) 002053168 | ||
| 090 |
_a4651272 _c4651272 |
||
| 100 | _a20131026d2013 u y0rusy50 ca | ||
| 101 | 0 | _arus | |
| 102 | _aRU | ||
| 105 | _ay ||||||||| | ||
| 200 | 1 |
_aСловарь русских заменителей иностранных слов _fС. Махов |
|
| 210 |
_aМосква _cПрондо _d2013 |
||
| 215 |
_a238, [1] с. _d30 |
||
| 300 | _aНа обл. авт. не указан | ||
| 606 |
_aРусский язык _xСловари иностранных слов _91540709 _3RU\NLR\AUTH\66972924 |
||
| 606 | 1 |
_aРусский язык _xСловари синонимов _91541132 _3RU\NLR\AUTH\66973152 |
|
| 686 | 1 | _aШ141.12-423 | |
| 686 | 1 | _aШ141.12-421 | |
| 700 | 1 |
_aМахов _bС. _gСергей _4070 |
|
| 801 | 0 |
_aRU _bNLR _c20130828 _gRCR |
|
| 801 | 1 |
_aRU _bNLR _c20130828 |
|
| 942 | _cBOOK | ||
| 980 | _aNBR | ||